Twenty One Pilots - Mulberry Street (Lyrics) - Statistics

General Stats
  • This quiz has been taken 25 times
  • The average score is 240 of 264
Answer Stats
Answer % Correct
it
100%
Mulberry
100%
So
100%
so
100%
Street,
100%
Street
100%
to
100%
we
100%
We
100%
we're
100%
You
100%
you
100%
a
93%
and
93%
And
93%
bliss,
93%
don't
93%
ever
93%
feet
93%
finally
93%
for
93%
forget
93%
Get
93%
good
93%
have
93%
in
93%
just
93%
Keep
93%
move
93%
moving
93%
no
93%
nothing
93%
of
93%
on
93%
our
93%
out
93%
pushing
93%
realize
93%
see
93%
sideways
93%
skies
93%
sunny
93%
the
93%
there's
93%
this,
93%
this
93%
us
93%
want
93%
way,
93%
Welcome
93%
When
93%
with
93%
wrong
93%
yeah,
93%
yeah
93%
your
93%
Ain't
86%
all
86%
between
86%
can
86%
days,
86%
everybody
86%
feel
86%
hands
86%
leave
86%
ooh
86%
parade
86%
rain
86%
save
86%
synthetic
86%
them
86%
weekends,
86%
will
86%
Ah,
79%
ah
79%
Ah-
79%
ah-
79%
ah,
79%
edge
79%
I'll
79%
live
79%
pills,
79%
sidewalk
79%
someone
79%
That
79%
'til
79%
times
79%
under
79%
aren't
71%
best
71%
distance
71%
find
71%
high
71%
I'm
71%
listen
71%
prescribe
71%
song
71%
They
71%
breath,
64%
strings
64%
Tie
64%
relies
57%
whoo-
43%
No matching quizzes found
Score Distribution
Percent of People with Each Score
Percentile by Number Answered
Your Score History
You have not taken this quiz